[Event "SVK-chT2A 1819"]
[Site "Slovakia"]
[Date "2019.03.03"]
[Round "9.8"]
[White "Stevik, Patrik1"]
[Black "Jelenciak, Jozef"]
[Result "1-0"]
[WhiteElo "1918"]
[BlackElo "1890"]
[PlyCount "45"]
[EventDate "2018.10.13"]
[EventType "team-tourn"]
[EventRounds "11"]
[EventCountry "SVK"]
[SourceTitle "EXT 2020"]
[Source "ChessBase"]
[SourceDate "2019.10.17"]
[SourceVersion "1"]
[SourceVersionDate "2019.10.17"]
[SourceQuality "1"]
[WhiteTeam "Modra II"]
[BlackTeam "Bratislava Doprastav"]
[WhiteTeamCountry "SVK"]
[BlackTeamCountry "SVK"]

1. e4 Nf6 2. e5 Nd5 3. c4 Nb6 4. d4 d6 5. exd6 cxd6 6. h3 Bf5 7. Nf3 Bxb1 8. Rxb1 g6 9. Be3 Bg7 10. b4 0-0 11. Qb3 e5 12. dxe5 dxe5 13. Rd1 Qc7 14. c5 N6d7 15. Bc4 Nc6 16. 0-0 h6 17. Rd6 Nf6 18. Bxh6 Bxh6 19. Rxf6 Bg7 20. Rxg6 Rad8 21. Ng5 Nd4 22. Qg3 b5 23. Qh4 1-0

[Event "SVK-chT2A 1516"]
[Site "Slovakia"]
[Date "2015.12.05"]
[Round "5.8"]
[White "Jelenciak, Jozef"]
[Black "Meszaros, Lorant"]
[Result "0-1"]
[WhiteElo "1874"]
[BlackElo "1991"]
[PlyCount "82"]
[EventDate "2015.10.17"]
[EventType "team-tourn"]
[EventRounds "11"]
[EventCountry "SVK"]
[SourceTitle "CBM 169 Extra"]
[Source "ChessBase"]
[SourceDate "2015.12.18"]
[SourceVersion "1"]
[SourceVersionDate "2015.12.18"]
[SourceQuality "1"]
[WhiteTeam "Bratislava Doprastav II"]
[BlackTeam "Velky Meder"]
[WhiteTeamCountry "SVK"]
[BlackTeamCountry "SVK"]

1. e4 e5 2. Nf3 Nc6 3. Bb5 a6 4. Bxc6 dxc6 5. 0-0 Qd6 6. Na3 Be6 7. Ng5 Bd7 8. Nc4 Qg6 9. d4 f6 10. Nf3 0-0-0 11. Qe2 exd4 12. Bf4 Bc5 13. Rfd1 Bg4 14. c3 Ne7 15. b4 Bxf3 16. Qxf3 Ba7 17. cxd4 Rxd4 18. Rxd4 Bxd4 19. Re1 Qf7 20. a4 Ng6 21. b5 axb5 22. axb5 Nxf4 23. Qxf4 c5 24. b6 Rd8 25. g3 Qd7 26. Re2 Be5 27. Qf5 Qxf5 28. exf5 cxb6 29. Nxb6+ Kc7 30. Nc4 Kc6 31. Kf1 b5 32. Nxe5+ fxe5 33. Kg2 c4 34. g4 Kc5 35. Ra2 Rd4 36. Ra8 c3 37. g5 Kb4 38. f6 gxf6 39. gxf6 c2 40. Rc8 Kb3 41. Rc5 b4 0-1

[Event "SVK-chT2A 1213"]
[Site "Slovakia"]
[Date "2012.10.14"]
[Round "2.8"]
[White "Jelenciak, Jozef"]
[Black "Puskar, Peter"]
[Result "0-1"]
[WhiteElo "1922"]
[BlackElo "2004"]
[PlyCount "38"]
[EventDate "2012.10.13"]
[EventType "team-tourn"]
[EventRounds "11"]
[EventCountry "SVK"]
[SourceTitle "EXT 2015"]
[Source "ChessBase"]
[SourceDate "2014.11.20"]
[SourceVersion "1"]
[SourceVersionDate "2014.11.20"]
[SourceQuality "1"]
[WhiteTeam "Bratislava Doprastav III"]
[BlackTeam "Trnava Lokomotiva II"]
[WhiteTeamCountry "SVK"]
[BlackTeamCountry "SVK"]

1. e4 c5 2. Nc3 g6 3. Bc4 Nc6 4. d3 Bg7 5. f4 d6 6. Nf3 e6 7. 0-0 Nge7 8. Qe1 0-0 9. f5 Nd4 10. Qh4 Nec6 11. Bg5 f6 12. fxg6 hxg6 13. Bh6 Rb8 14. g4 Qe7 15. Bxg7 Qxg7 16. g5 f5 17. exf5 Rxf5 18. Qg3 Qe7 19. Nxd4 Rxg5 0-1

[Event "SVK-chT2A 1112"]
[Site "Slovakia"]
[Date "2011.10.09"]
[Round "2.7"]
[White "Jelenciak, Jozef"]
[Black "Skapik, Branislav"]
[Result "0-1"]
[WhiteElo "1942"]
[BlackElo "1848"]
[PlyCount "76"]
[EventDate "2011.10.08"]
[EventType "team-tourn"]
[EventRounds "11"]
[EventCountry "SVK"]
[SourceTitle "EXT 2013"]
[Source "ChessBase"]
[SourceDate "2012.11.22"]
[SourceVersion "1"]
[SourceVersionDate "2012.11.22"]
[SourceQuality "1"]
[WhiteTeam "Bratislava Doprastav III"]
[BlackTeam "Osuske II"]
[WhiteTeamCountry "SVK"]
[BlackTeamCountry "SVK"]

1. e4 d5 2. exd5 Nf6 3. d4 Nxd5 4. c4 Nb4 5. Be3 Bf5 6. Na3 e6 7. Nf3 Be7 8. Be2 0-0 9. 0-0 Nd7 10. Ne1 Nf6 11. Nac2 Nxc2 12. Nxc2 a5 13. f3 h6 14. Qd2 c5 15. Rad1 Qc7 16. Bf4 Qb6 17. Ne3 Bh7 18. d5 Rfd8 19. Kh1 Bd6 20. Bxd6 Rxd6 21. Qc1 Rad8 22. Rfe1 Kf8 23. Bd3 Bxd3 24. Rxd3 Qc7 25. Red1 Qc8 26. Qc3 b6 27. g4 Qb7 28. Qd2 b5 29. Qxa5 b4 30. Qxc5 Kg8 31. Nc2 exd5 32. Qxb4 Rb6 33. Qc3 Rxb2 34. a3 Rb1 35. Nb4 Rxd1+ 36. Rxd1 d4 37. Qd3 Nxg4 38. Nd5 Nf2+ 0-1

[Event "SVK-chT2A 1112"]
[Site "Slovakia"]
[Date "2011.10.08"]
[Round "1.6"]
[White "Jelenciak, Jozef"]
[Black "Krist, Milan"]
[Result "1/2-1/2"]
[WhiteElo "1942"]
[BlackElo "1990"]
[PlyCount "84"]
[EventDate "2011.10.08"]
[EventType "team-tourn"]
[EventRounds "11"]
[EventCountry "SVK"]
[SourceTitle "EXT 2013"]
[Source "ChessBase"]
[SourceDate "2012.11.22"]
[SourceVersion "1"]
[SourceVersionDate "2012.11.22"]
[SourceQuality "1"]
[WhiteTeam "Bratislava Doprastav III"]
[BlackTeam "Trnava Lokomotiva II"]
[WhiteTeamCountry "SVK"]
[BlackTeamCountry "SVK"]

1. e4 e6 2. d4 d5 3. Nd2 c5 4. c3 cxd4 5. cxd4 Nc6 6. Ngf3 dxe4 7. Nxe4 Bb4+ 8. Bd2 Be7 9. Bc3 Nf6 10. Bd3 0-0 11. 0-0 Nd5 12. Rc1 Bd7 13. Bb1 Rc8 14. Qd3 g6 15. Bd2 f5 16. Nc5 b6 17. Nxd7 Qxd7 18. a3 Bf6 19. Ba2 Rfe8 20. Rfe1 Rcd8 21. Bc4 Nc7 22. Bf4 Nd5 23. Be5 Bxe5 24. dxe5 Nc7 25. Qe2 Na5 26. Red1 Qe7 27. Ba2 Rxd1+ 28. Qxd1 Rd8 29. Qc2 Rd7 30. h4 h6 31. b4 Nb7 32. Bb3 Nd8 33. Qc4 b5 34. Qf4 Kg7 35. Qe3 Nd5 36. Qc5 Qxc5 37. Rxc5 a6 38. Nd4 Nxb4 39. Nxb5 Nd3 40. Rc7 Rxc7 41. Nxc7 a5 42. Bxe6 Nxe5 1/2-1/2

[Event "SVK-chT2A 0809"]
[Site "Slovakia"]
[Date "2008.10.12"]
[Round "2.8"]
[White "Stefan, Oldrich"]
[Black "Jelenciak, Jozef"]
[Result "1/2-1/2"]
[WhiteElo "2030"]
[BlackElo "1938"]
[PlyCount "43"]
[EventDate "2008.10.11"]
[EventType "team-tourn"]
[EventRounds "11"]
[EventCountry "SVK"]
[SourceTitle "EXT 2010"]
[Source "ChessBase"]
[SourceDate "2010.11.25"]
[SourceVersion "1"]
[SourceVersionDate "2010.11.25"]
[SourceQuality "1"]
[WhiteTeam "Bratislava Slavia STU"]
[BlackTeam "Bratislava Doprastav II"]
[WhiteTeamCountry "SVK"]
[BlackTeamCountry "SVK"]

1. d4 f5 2. Nf3 Nf6 3. g3 c6 4. Bg2 d6 5. 0-0 Qc7 6. c4 e5 7. dxe5 dxe5 8. Nc3 Be7 9. e4 0-0 10. exf5 Bxf5 11. Ng5 h6 12. Nge4 Nbd7 13. Qe2 Nxe4 14. Nxe4 Nc5 15. Nxc5 Bxc5 16. Be3 Bd4 17. c5 Rad8 18. Rfd1 Qf7 19. Rd2 Be6 20. Bxd4 exd4 21. b3 Bd5 22. Rc1 1/2-1/2

[Event "SVK-chT2A 0506"]
[Site "Slovakia"]
[Date "2005.11.27"]
[Round "4.8"]
[White "Jelenciak, Jozef"]
[Black "Wurschner, Miroslav"]
[Result "0-1"]
[WhiteElo "1944"]
[BlackElo "1789"]
[PlyCount "96"]
[EventDate "2005.10.22"]
[EventType "tourn"]
[EventRounds "11"]
[EventCountry "SVK"]
[SourceTitle "EXT 2009"]
[Source "ChessBase"]
[SourceDate "2008.11.26"]
[SourceVersion "1"]
[SourceVersionDate "2008.11.26"]
[SourceQuality "1"]

1. e4 c5 2. Nc3 d6 3. g3 Nf6 4. Bg2 Nc6 5. d3 e6 6. f4 Be7 7. Nf3 0-0 8. 0-0 Rb8 9. h3 Re8 10. g4 Nd7 11. Ne2 Nf8 12. Be3 f5 13. Ng3 fxg4 14. hxg4 Ng6 15. g5 e5 16. f5 Nf4 17. Bxf4 exf4 18. Nh5 Bxg5 19. Nxg5 Qxg5 20. Nxf4 Ne5 21. Qh5 Qxh5 22. Nxh5 Kf7 23. Rf4 Rf8 24. Raf1 Bd7 25. Rh4 Kg8 26. Bh3 g6 27. fxg6 Rxf1+ 28. Kxf1 Rf8+ 29. Kg2 Nxg6 30. Bxd7 Nxh4+ 31. Kg3 Ng6 32. Be6+ Kh8 33. Kg4 Rf2 34. Bb3 Ne5+ 35. Kg3 Rf3+ 36. Kg2 h6 37. Ng3 Rf6 38. Nf5 Kh7 39. a3 b5 40. Bd5 Kg6 41. b4 c4 42. d4 Ng4 43. Kf3 Kg5 44. Bc6 h5 45. Bxb5 d5 46. Bd7 dxe4+ 47. Kxe4 Ra6 48. d5 Nf6+ 0-1

[Event "SVK-chT2B 9394"]
[Site "Slovakia"]
[Date "1993.??.??"]
[Round "1"]
[White "Joba, Pavol"]
[Black "Jelenciak, Jozef"]
[Result "1/2-1/2"]
[WhiteElo "2050"]
[BlackElo "1985"]
[PlyCount "83"]
[EventDate "1993.??.??"]
[EventType "team-tourn"]
[EventRounds "14"]
[EventCountry "SVK"]
[SourceTitle "EXT 2001"]
[Source "ChessBase"]
[SourceDate "2000.11.22"]
[SourceVersion "1"]
[SourceVersionDate "2000.11.22"]
[SourceQuality "1"]

1. e4 Nf6 2. e5 Nd5 3. d4 d6 4. c4 Nb6 5. Nf3 g6 6. exd6 cxd6 7. Nc3 Bg7 8. Be2 Bg4 9. b3 0-0 10. 0-0 Nc6 11. Be3 d5 12. c5 Nc8 13. Rc1 e6 14. Qd2 N8e7 15. h3 Bxf3 16. Bxf3 Nf5 17. Ne2 Nh4 18. Bg4 h5 19. Bg5 Bf6 20. Bxh4 Bxh4 21. Bf3 Bg5 22. Qc3 Bxc1 23. Nxc1 Rc8 24. b4 a6 25. Nb3 b6 26. Be2 bxc5 27. Nxc5 a5 28. b5 Nb8 29. Qg3 Kh7 30. Bd3 Nd7 31. Nxe6 Qf6 32. Nxf8+ Nxf8 33. Qe5 Kg7 34. Qxd5 Rd8 35. Qb7 Rxd4 36. Be4 Ne6 37. Qc6 Qf4 38. Bb1 Rc4 39. Qd5 Rc5 40. Qd3 Qb4 41. f4 Rxb5 42. f5 1/2-1/2

[Event "SVK-chT2B 9394"]
[Site "Slovakia"]
[Date "1993.??.??"]
[Round "3"]
[White "Mihalik, Anton"]
[Black "Jelenciak, Jozef"]
[Result "0-1"]
[WhiteElo "1940"]
[BlackElo "1985"]
[PlyCount "58"]
[EventDate "1993.??.??"]
[EventType "team-tourn"]
[EventRounds "14"]
[EventCountry "SVK"]
[SourceTitle "EXT 2001"]
[Source "ChessBase"]
[SourceDate "2000.11.22"]
[SourceVersion "1"]
[SourceVersionDate "2000.11.22"]
[SourceQuality "1"]

1. c4 f5 2. d4 Nf6 3. Nc3 e6 4. Bg5 Be7 5. Nf3 d5 6. e3 0-0 7. Be2 c6 8. 0-0 Bd7 9. Ne5 Be8 10. f4 Nbd7 11. c5 Nxe5 12. fxe5 Nd7 13. Bxe7 Qxe7 14. Qe1 g5 15. Qg3 Bg6 16. Qh3 b6 17. b4 a5 18. a3 b5 19. g4 f4 20. exf4 Rxf4 21. Rxf4 gxf4 22. Qf1 Qg5 23. Ra2 h5 24. Qg2 axb4 25. axb4 Rxa2 26. Nxa2 Be4 27. Qh3 f3 28. Bxb5 Qe3+ 29. Kf1 cxb5 0-1

[Event "SVK-chT2B 9394"]
[Site "Slovakia"]
[Date "1993.??.??"]
[Round "6"]
[White "Mosny, Jaroslav"]
[Black "Jelenciak, Jozef"]
[Result "1/2-1/2"]
[WhiteElo "2035"]
[BlackElo "1985"]
[PlyCount "79"]
[EventDate "1993.??.??"]
[EventType "team-tourn"]
[EventRounds "14"]
[EventCountry "SVK"]
[SourceTitle "EXT 2001"]
[Source "ChessBase"]
[SourceDate "2000.11.22"]
[SourceVersion "1"]
[SourceVersionDate "2000.11.22"]
[SourceQuality "1"]

1. d4 e6 2. Nf3 f5 3. g3 Nf6 4. Bg2 d5 5. 0-0 Bd6 6. b3 Qe7 7. c4 c6 8. Nbd2 0-0 9. Ne5 Bd7 10. Ndf3 Be8 11. Nd3 Bh5 12. Re1 Nbd7 13. Bf4 Rac8 14. Bxd6 Qxd6 15. c5 Qe7 16. Nfe5 g5 17. Qd2 Nxe5 18. Nxe5 Ng4 19. Nxg4 Bxg4 20. f3 Bh5 21. e4 Qg7 22. exd5 exd5 23. Re5 f4 24. Rae1 h6 25. h4 Rce8 26. gxf4 Rxe5 27. Rxe5 Rxf4 28. hxg5 hxg5 29. Qe3 Qf6 30. Kh2 Bxf3 31. Bxf3 Rxf3 32. Qxg5+ Qxg5 33. Rxg5+ Kf7 34. Rg3 Rf2+ 35. Rg2 Rf4 36. Rd2 Kf6 37. Kg3 Kf5 38. b4 a6 39. Rd1 Kg5 40. a3 1/2-1/2